[Event "British Universities-ch"]
[Site "Leicester"]
[Date "2024.02.25"]
[Round "?"]
[White "Phanish, Adithya"]
[Black "McLean, Rory"]
[Result "1-0"]
[WhiteElo "1464"]
[BlackElo "1497"]
[PlyCount "89"]
[EventDate "2024.02.24"]
[EventType "team-swiss (rapid)"]
[EventRounds "9"]
[EventCountry "ENG"]
[SourceTitle "CB11_2024"]
[SourceDate "2024.03.13"]
[SourceVersion "1"]
[SourceVersionDate "2024.03.13"]
[SourceQuality "1"]
[WhiteTeam "Birmingham"]
[BlackTeam "UCL"]
[WhiteTeamCountry "ENG"]
[BlackTeamCountry "ENG"]

1. d4 d5 2. c4 e6 3. Nc3 a6 4. cxd5 exd5 5. Nf3 c6 6. Bf4 Bd6 7. Bg3 Ne7 8. e3 0-0 9. Bd3 g6 10. Bxd6 Qxd6 11. 0-0 Nd7 12. e4 dxe4 13. Nxe4 Qc7 14. Qd2 Nd5 15. Qh6 N7f6 16. Rfe1 Qf4 17. Qxf4 Nxf4 18. Nxf6+ Kg7 19. Bxg6 hxg6 20. Ne8+ Kg8 21. Nd6 Nd3 22. Re7 Be6 23. Nxb7 Nxb2 24. Ne5 Bd5 25. Nd7 Rfc8 26. Nb6 Re8 27. Rae1 Rxe7 28. Rxe7 Kf8 29. Rxf7+ Kxf7 30. Nxa8 c5 31. Nd8+ Ke7 32. Nb6 Bxa2 33. Nc6+ Kd6 34. Ne5 cxd4 35. Nf3 Kc5 36. Nd7+ Kb4 37. Nxd4 a5 38. Ne5 Kc3 39. Nb5+ Kb4 40. Nd4 Nc4 41. Nxg6 a4 42. Nf4 Bb1 43. Nd5+ Ka3 44. Nc3 Nd2 45. Ndb5+ 1-0